Witamy w Bibliotece Naukowej Instytutu Łączności!

RFID Security / (Rekord nr 17722)

000 -LEADER
fixed length control field 00346 a2200109 4500
020 ## - INTERNATIONAL STANDARD BOOK NUMBER
International Standard Book Number 1597490474
100 1# - MAIN ENTRY--PERSONAL NAME
Personal name Thornton, Frank.
Relator term Autor
245 0# - TITLE STATEMENT
Title RFID Security /
Statement of responsibility, etc Thornton Frank.
260 ## - PUBLICATION, DISTRIBUTION, ETC. (IMPRINT)
Place of publication, distribution, etc Rockland, MA :
Name of publisher, distributor, etc Syngress Publishing, Inc.,
Date of publication, distribution, etc 2006.
300 ## - PHYSICAL DESCRIPTION
Extent XIX, 242 s.:
Other physical details il.;
Dimensions 23 cm.
710 2# - ADDED ENTRY--CORPORATE NAME
Corporate name or jurisdiction name as entry element Syngress Publishing, Inc..
Relator term Wydawca
Relator code pbl
920 ## -
-- 1-59749-047-4
Egzemplarze
Withdrawn status Lost status Damaged status Not for loan Permanent Location Current Location Shelving location Date acquired Cost, normal purchase price Inventory number Total Checkouts Full call number Barcode Date last seen Date checked out Price effective from Koha item type
        Instytut Łączności Instytut Łączności Magazyn 2008-02-26 154.00 39995 1 39995 39995 2023-05-26 2018-04-18 2017-11-30 Książki

Działa dzięki Koha